Fitzgerald & Kingsley''s electric machinery

Gorde:
Xehetasun bibliografikoak
Egile nagusia:  Umans, Stephen D
Formatua: Sách
Hizkuntza:Undetermined
Argitaratua:  McGraw-Hill Companies  2014
Gaiak:
Etiketak: Etiketa erantsi
Etiketarik gabe, Izan zaitez lehena erregistro honi etiketa jartzen!
Thư viện lưu trữ: Trung tâm Thư viện - Trường Đại học Công nghiệp TP. Hồ Chí Minh
LEADER 00516nam a2200157Ia 4500
001 UIH_05532
008 231011s9999 xx 000 0 und d
082 |a  621.31042 
100 |a  Umans, Stephen D 
245 0 |a  Fitzgerald & Kingsley''s electric machinery 
245 0 |c  Umans, Stephen D 
260 |b  McGraw-Hill Companies 
260 |c  2014 
650 |a  Electric machinery; Máy điện;  
927 |a Sách 
980 |a Trung tâm Thư viện - Trường Đại học Công nghiệp TP. Hồ Chí Minh